[Event "Ambelokipi op 82nd"]
[Site "Athens"]
[Date "2007.11.07"]
[Round "2"]
[White "Poteas, Ioannis"]
[Black "Xaxiris, Evangelos"]
[Result "1-0"]
[WhiteElo "2119"]
[BlackElo "1937"]
[PlyCount "111"]
[EventDate "2007.11.03"]
[EventType "swiss"]
[EventRounds "7"]
[EventCountry "GRE"]
[SourceTitle "EXT 2024"]
[Source "ChessBase"]
[SourceDate "2023.10.10"]
[SourceVersion "1"]
[SourceVersionDate "2023.10.10"]
[SourceQuality "1"]

1. d4 Nf6 2. Nc3 c5 3. d5 d6 4. e4 a6 5. a4 g6 6. Be2 Bg7 7. Nf3 0-0 8. h3 e6 9. 0-0 exd5 10. exd5 Nbd7 11. Re1 Re8 12. Nh2 Ne4 13. Nxe4 Rxe4 14. Bf3 Rxe1+ 15. Qxe1 Ne5 16. Be2 Qh4 17. Bd2 Bf5 18. f4 Qxe1+ 19. Rxe1 Nd7 20. Bd1 Nb6 21. b3 Nxd5 22. g4 Bd7 23. Bf3 Bc6 24. g5 Kf8 25. Rd1 Ne7 26. Be3 Bxf3 27. Nxf3 Nf5 28. Bf2 Re8 29. Kf1 Re4 30. Kg2 Rxf4 31. Re1 b5 32. axb5 axb5 33. Re2 Bc3 34. Bg3 Nxg3 35. Kxg3 Rf5 36. h4 d5 37. Kg4 c4 38. bxc4 dxc4 39. Re4 Rd5 40. Kf4 Rf5+ 41. Ke3 f6 42. gxf6 Bxf6 43. Re6 Kf7 44. Rb6 h5 45. Ke4 Rc5 46. Rb7+ Ke6 47. Rb6+ Ke7 48. Kf4 c3 49. Ke4 Rc4+ 50. Kd3 Rf4 51. Ke3 Rc4 52. Kd3 Rc5 53. Ke4 Kf7 54. Rb7+ Ke6 55. Rb6+ Ke7 56. Rb7+ 1-0